The rise of Babylon : (Record no. 4415)
[ view plain ]
| 000 -LEADER | |
|---|---|
| fixed length control field | 00856cam a2200277 a 4500 |
| 001 - CONTROL NUMBER | |
| control field | 23013158 |
| 003 - CONTROL NUMBER IDENTIFIER | |
| control field | OSt |
| 005 - DATE AND TIME OF LATEST TRANSACTION | |
| control field | 20181205165854.0 |
| 008 - FIXED-LENGTH DATA ELEMENTS--GENERAL INFORMATION | |
| fixed length control field | 901211s1991 iluabf 001 0deng |
| 010 ## - LIBRARY OF CONGRESS CONTROL NUMBER | |
| LC control number | 90072046 //r92 |
| 020 ## - INTERNATIONAL STANDARD BOOK NUMBER | |
| International Standard Book Number | 0842356185 |
| 035 01 - SYSTEM CONTROL NUMBER | |
| System control number | 202257 |
| 040 ## - CATALOGING SOURCE | |
| Original cataloging agency | DLC |
| Transcribing agency | DLC |
| Modifying agency | HEI |
| 043 ## - GEOGRAPHIC AREA CODE | |
| Geographic area code | a-iq--- |
| 050 00 - LIBRARY OF CONGRESS CALL NUMBER | |
| Classification number | BS649.B3 |
| Item number | D84 1991 |
| 082 00 - DEWEY DECIMAL CLASSIFICATION NUMBER | |
| Classification number | 236.9 |
| Edition number | 20 |
| Item number | D996R |
| 100 1# - MAIN ENTRY--PERSONAL NAME | |
| Personal name | Dyer, Charles H., |
| Dates associated with a name | 1952- |
| 245 14 - TITLE STATEMENT | |
| Title | The rise of Babylon : |
| Remainder of title | sign of the end times / |
| Statement of responsibility, etc. | Charles H. Dyer with Angela Elwell Hunt. |
| 260 ## - PUBLICATION, DISTRIBUTION, ETC. | |
| Place of publication, distribution, etc. | Wheaton, Ill. : |
| Name of publisher, distributor, etc. | Tyndale House Pub., |
| Date of publication, distribution, etc. | c1991. |
| 300 ## - PHYSICAL DESCRIPTION | |
| Extent | 236 p. : |
| Other physical details | ill., map ; |
| Dimensions | 21 cm. |
| 504 ## - BIBLIOGRAPHY, ETC. NOTE | |
| Bibliography, etc. note | Includes bibliographical references (p. 223-231) and index. |
| 600 10 - SUBJECT ADDED ENTRY--PERSONAL NAME | |
| Personal name | Hussein, Saddam, |
| Dates associated with a name | 1937-2006. |
| 651 #0 - SUBJECT ADDED ENTRY--GEOGRAPHIC NAME | |
| Geographic name | Babylon (Extinct city) |
| 700 1# - ADDED ENTRY--PERSONAL NAME | |
| Personal name | Hunt, Angela Elwell, |
| Dates associated with a name | 1957- |
| 942 ## - ADDED ENTRY ELEMENTS (KOHA) | |
| Source of classification or shelving scheme | Dewey Decimal Classification |
| Koha item type | Books |
| Withdrawn status | Lost status | Source of classification or shelving scheme | Damaged status | Not for loan | Collection code | Home library | Current library | Shelving location | Date acquired | Cost, normal purchase price | Total Checkouts | Full call number | Barcode | Date last seen | Price effective from | Koha item type |
|---|---|---|---|---|---|---|---|---|---|---|---|---|---|---|---|---|
| Dewey Decimal Classification | Not For Loan | Non-fiction | Harvest Mission College | Harvest Mission College | General Stacks | 05.12.2018 | 190.00 | 236.9 D996R | 005063 | 05.12.2018 | 05.12.2018 | Books |
